Coleȯ̂ Jovem Jurista

Bibliographic Details
Format: Journal
Language:English
Published: Rio de Janeiro : FGV - Direito Rio, 2011-
Subjects:
Online Access:http://www.vlex.com/source/6827

MARC

LEADER 00000nas a22000007a 4500
005 20130219164452.0
007 cr|||| ||||
008 130219c20119999bl ar|p s|||| 0|||b|eng d
022 |a 2179 -0906  
035 |a 6827 
040 |a vLex 
090 |c 3685  |d 3685 
245 0 0 |a Coleȯ̂ Jovem Jurista  |h [Recurso electrn̤ico] 
256 |a Servicio en ln̕ea 
260 |a Rio de Janeiro :  |b FGV - Direito Rio,   |c 2011- 
300 |a 1 Recurso electrn̤ico 
650 0 4 |a Derecho  |v Revistas  |z Brasil 
740 |a vLex Revistas (Servicio en ln̕ea) 
856 |a Acceso restringido  |u http://www.vlex.com/source/6827 
942 |c REV 
999 0 |a Law